000 01001nam a2200301 4500
003 OSt
005 20260601193852.0
008 260504b2006 fi a|||| |||| 00| 0 eng d
020 _a9529878486
040 _aICI
_bspa
_cICI
041 _aspa
050 _aNK1452.S27
_bA4 2006
100 1 _aSarpaneva, Timo,
_d1926-2006
_eautor
_932508
245 1 _aTimo Sarpaneva :
_bCollection = la colección
264 _aHelsinki :
_bDesign Museo Helsinki,
_c2006
300 _a118 páginas :
_bilustraciones
336 _atexto
_2rdacontent
337 _asin medio
_2rdamedia
338 _avolumen
_2rdacarrier
500 _aCatálogo de obra del diseñador finlandés Timo Sarpaneva
600 1 _aSarpaneva, Timo,
_d1926-2006
_vExposiciones
_932509
650 _aDiseño industrial
_zFinlandia
650 _aDiseñadores industriales
_zFinlandia
_93537
650 _aVidrio
_xDiseño
650 _aDiseño de productos
_zFinlandia
_932511
655 _2local
_aCatálogos de exposición
942 _2lcc
_cB
_n1
999 _c21903
_d21903